A-B-C de las Naciones Unidas

Guardado en:
Detalles Bibliográficos
Autor Corporativo: Naciones Unidas (Autor)
Formato: Libro
Lenguaje:español
Publicado: Nueva York Centro y Oficinas de Información de las Naciones Unidas 1975
Materias:
Etiquetas: Agregar Etiqueta
Sin Etiquetas, Sea el primero en etiquetar este registro!

MARC

LEADER 00000nam a2200000 a 4500
001 UCT6098
003 CL-VaPUC
008 961230e19750000US |||||||||||||||||spa|d
082 0 4 |a 341.23  |b NAC  |2 21 
110 2 |a Naciones Unidas  |e author  |9 375859 
245 1 0 |a A-B-C de las Naciones Unidas 
300 |a 131 p 
942 |c BK 
945 |d 19961230 00:00:00  |a nastorga 
260 |a Nueva York  |b Centro y Oficinas de Información de las Naciones Unidas  |c 1975 
650 7 |a NACIONES UNIDAS  |2 CL-VaPUC  |9 308939 
650 7 |a ORGANISMOS INTERNACIONALES  |2 CL-VaPUC  |9 255448 
650 0 |a Corte internacional de justicia   |9 256554 
650 0 |a Asistencia económica  |9 257775 
650 0 |a Paz  |9 259242 
650 0 |a Desarme  |9 255227 
650 0 |a Política  |9 255312 
650 7 |a PROGRESO ECONOMICO  |2 CL-VaPUC  |9 375860 
650 0 |a Desarrollo social  |9 264534 
650 0 |a Comercio  |9 255341 
650 7 |a INVESTIGACIONES  |2 CL-VaPUC  |9 261211 
650 0 |a Alimentos  |9 256203 
650 7 |a INFANCIA  |2 CL-VaPUC  |9 375861 
650 7 |a REFUGIADOS  |2 CL-VaPUC  |9 375862 
650 0 |a Derechos humanos  |9 223025 
583 |a last modification  |c 19961230 00:00:00  |k Rodrigo Vera 
999 |c 254827  |d 254825 
952 |0 0  |1 0  |4 0  |6 341_230000000000000_NAC_1975  |7 0  |8 A  |9 276745  |a BIBENE  |b BIBENE  |d 2019-11-19  |i 3263975  |o 341.23 NAC 1975  |p 3263975  |r 2025-01-15  |w 2019-11-19  |y BK  |k ICO